1564 1185 1870 1129 1535 1491 1833 1144 1862 1941 1373 1357 1560 1241 1567 1304 1065 1711 1089 1041 1744 1890 1935 1111 1914 1484 1822 1627 1372 1657 1791 1069 1452 1792 1621 1165 1366 1942 1088 1096 1103 1289 1421 1307 1785 1731 1926 1432 1580 1918 1056 1566 1139 1723 1559 1230 1399 1588 1436 1613 1859 1796 1144 1161 1451 1926 1163 1931 1999 1530 1472 1220 1279 1692 1704 1936 1649 1347 1959 1519 1588 1918 1937 1052 1501 1492 1342 1845 1521 1337 1841 1789 1002 1284 1644 1372 1248 1982 1138 BCNSPRNW ULIB Ver.6.0+V

เปลี่ยนเป็นภาษาไทย

Change to English
 แสดงรายละเอียดบรรณานุกรม
  กลับหน้าหลัก

Brief Record : Get Marc (ISO 2709) : E-mail record : QR code < ปิดหน้าต่าง
LEADER : 00000nam 2200000uu 4500
001    13399128478
003     ULIB
008    230830s2020||||th 000 0 tha d
020    ^a9781108781619 (pbk.)
050  4 ^aPE1128^bIA22
245 00 ^aIELTS 15 academic with answers :^bauthentic examinationtests /^c[Cambridge University Press]
260    ^aCambridge :^bCambridge University Press,^c2020
300    ^a141 p. :^bill. ;^c25 cm.
650  0 ^aInternational English Language Testing System^vStudyguides
650  0 ^aEnglish language^vTextbooks for foreign speakers
650  0 ^aEnglish language^xStudy and teaching
650  0 ^aEnglish language^xExaminations^vStudy guides
650  0 ^aEnglish language^vProblems, exercises, etc.
653    ^aIELTS
945    ^p1099^l0^i010222
999    ^aประนอม เกษจรัล
รายการนี้ยังไม่มีแท็ก
คุณยังไม่ได้ล็อกอิน คุณสามารถมีกิจกรรมร่วมกับเว็บไซต์ได้ แต่ต้องล็อกอินก่อน ::
  ล็อกอิน

รายการสื่อสารสนเทศ

ลำดับที่ ประเภท เลขเรียก/บาร์โค้ด สถานที่ สถานะ
1. การศึกษาทั่วไป
หนังสือสำรอง
สถานะ=หนังสือสำรอง
PE1128 IA22 ฉ.1 
  Barcode: 010222
ห้องสมุดวิทยาเขตสวรรค์ประชารักษ์
►หนังสือทั่วไป
บนชั้น

BibComment


ยังไม่เคยถูกคอมเมนท์

คอมเมนท์ทรัพยากรรายการนี้
  คอมเมนท์: IELTS 15 academi..


 Copyright 2026. Bcnsprnw @Library